000 00389nam a2200145Ia 4500
008 230519s9999 xx 000 0 und d
020 _a978-93-5152-583-7
041 _aeng
082 _aMS/610.7361/BAS/DB0346
100 _aBasavanthappa BT
245 _aHandbook of Medical Surgical Nursing
260 _bJaypee Brothers
_aNew Delhi
_c2015
300 _a522
999 _c159161
_d159161